Historia de las doctrinas políticas en Alemania.

Guardat en:
Dades bibliogràfiques
Autor principal: Droz, Jacques (autor)
Altres autors: Trapero, Florentino (traducción)
Format: Llibre
Idioma:espanyol
Publicat: Madrid, España: Aguilar, 1971.
Edició:Primera edición.
Matèries:
Etiquetes: Afegir etiqueta
Sense etiquetes, Sigues el primer a etiquetar aquest registre!

MARC

LEADER 00000nam a2200000 a 4500
001 UCP6599
003 CL-VaPUC
005 20220822114341.0
008 991029e19710000SP |||||||||||||||||spa|d
999 |c 284106  |d 284104 
040 |c Pontificia Universidad Católica de Valparaíso 
082 0 4 |a 320.943 DRO 1971  |2 21 
100 0 |a Droz, Jacques  |e autor  |9 435799 
245 1 0 |a Historia de las doctrinas políticas en Alemania. 
250 |a Primera edición. 
260 |a Madrid, España:  |b Aguilar,  |c 1971. 
300 |a 148 páginas.  
500 |a c.2 Donación Familia Prof. Alejandro Guzmán Brito.  
583 |a last modification  |c 20160913 03:51:23  |k Rodrigo Vera 
650 0 |a Historia política  |9 256974 
650 0 |a Política y gobierno  |9 255151 
650 0 |a Doctrinas políticas  |9 255835 
650 7 |a FILOSOFIA POLITICA  |2 CL-VaPUC  |9 435800 
651 0 |a Alemania  |9 255688 
700 |a Trapero, Florentino   |e traducción  |9 865604 
942 |c BK  |2 ddc  |n 0 
945 |d 19991029 00:00:00  |a crobeson 
952 |0 0  |1 0  |4 0  |6 320_943000000000000_DRO_1971  |7 0  |8 A  |9 327862  |a BIBHIS  |b BIBHIS  |d 2019-11-20  |i 137091K  |o 320.943 DRO 1971  |p 137091K  |r 2025-01-20  |w 2019-11-20  |y BK  |k HIS